Vista normal
Vista MARC
- Rigdon, Steven
Entrada Personal Name
Número de registros utilizados en: 1
001 - CONTROL NUMBER
- control field: 34561
003 - CONTROL NUMBER IDENTIFIER
- control field: OSt
005 - DATE AND TIME OF LATEST TRANSACTION
- control field: 20161208101738.0
008 - FIXED-LENGTH DATA ELEMENTS
- fixed length control field: 161208|| aca||aabn | a|a d
040 ## - CATALOGING SOURCE
- Original cataloging agency: OSt
- Transcribing agency: OSt
100 ## - HEADING--PERSONAL NAME
- Personal name: Rigdon, Steven
670 ## - SOURCE DATA FOUND
- Source citation: Work cat.: (OSt)4942: Purcell, Edwin J 34560, Cálculo Diferencial e integral, 2007